[Event "Borisoglebsk-ch"]
[Site "Borisoglebsk"]
[Date "2012.06.24"]
[Round "5"]
[White "Kochukova, Anna"]
[Black "Beliaev, Vitaly"]
[Result "1/2-1/2"]
[WhiteElo "2077"]
[BlackElo "2018"]
[PlyCount "61"]
[EventDate "2012.06.22"]
[EventType "swiss"]
[EventRounds "7"]
[EventCountry "RUS"]
[SourceTitle "EXT 2013"]
[Source "ChessBase"]
[SourceDate "2012.11.22"]
[SourceVersion "1"]
[SourceVersionDate "2012.11.22"]
[SourceQuality "1"]

1. e4 c5 2. Nc3 Nc6 3. f4 d6 4. Bb5 Bd7 5. Nf3 a6 6. Bxc6 Bxc6 7. 0-0 e6 8. d3 Nf6 9. Qe1 Be7 10. Qg3 0-0 11. Qh3 Bd7 12. Ng5 h6 13. Nf3 Nh7 14. Kh1 b5 15. g4 b4 16. Ne2 f5 17. gxf5 exf5 18. Rg1 Kh8 19. Qg2 Rg8 20. Ng3 Qe8 21. b3 Bf6 22. e5 dxe5 23. fxe5 Bxe5 24. Re1 Bxa1 25. Rxe8 Raxe8 26. Bd2 Nf6 27. Nh4 Be6 28. Kg1 f4 29. Ngf5 Bd4+ 30. Kf1 Bc8 31. Ng6+ 1/2-1/2

[Event "Voronezh op-B 15th"]
[Site "Voronezh"]
[Date "2011.06.18"]
[Round "7"]
[White "Beliaev, Vitaly"]
[Black "Stepanischev, Anton"]
[Result "1/2-1/2"]
[WhiteElo "2057"]
[BlackElo "1827"]
[PlyCount "48"]
[EventDate "2011.06.12"]
[EventType "swiss"]
[EventRounds "9"]
[EventCountry "RUS"]
[SourceTitle "CBM 143 Extra"]
[Source "ChessBase"]
[SourceDate "2011.08.29"]
[SourceVersion "1"]
[SourceVersionDate "2011.08.29"]
[SourceQuality "1"]

1. Nf3 Nf6 2. g3 d5 3. Bg2 b6 4. d4 Bb7 5. c4 e6 6. 0-0 Be7 7. Ne5 0-0 8. Nc3 Nbd7 9. Qa4 Nxe5 10. dxe5 Ne4 11. Nxe4 dxe4 12. Rd1 Qe8 13. Qxe8 Rfxe8 14. Be3 Red8 15. Rac1 c5 16. b3 h6 17. Kf1 Kf8 18. Ke1 Ke8 19. Rxd8+ Bxd8 20. Bd2 Bg5 21. e3 Bd8 22. Bc3 Bc7 23. Ke2 Bc6 24. Ke1 a5 1/2-1/2

[Event "Voronezh op-B 15th"]
[Site "Voronezh"]
[Date "2011.06.17"]
[Round "6"]
[White "Bekmurzaev, Sat Emi"]
[Black "Beliaev, Vitaly"]
[Result "0-1"]
[WhiteElo "1915"]
[BlackElo "2057"]
[PlyCount "47"]
[EventDate "2011.06.12"]
[EventType "swiss"]
[EventRounds "9"]
[EventCountry "RUS"]
[SourceTitle "CBM 143 Extra"]
[Source "ChessBase"]
[SourceDate "2011.08.29"]
[SourceVersion "1"]
[SourceVersionDate "2011.08.29"]
[SourceQuality "1"]

1. c4 Nf6 2. Nc3 d5 3. cxd5 Nxd5 4. d4 g6 5. e3 Bg7 6. Nf3 0-0 7. Be2 Nc6 8. Bd2 e5 9. dxe5 Nxe5 10. Nxd5 Qxd5 11. Bc3 Nxf3+ 12. Bxf3 Bxc3+ 13. bxc3 Qa5 14. Qd2 Bf5 15. 0-0 Rad8 16. Qb2 b6 17. Rfd1 Be6 18. a3 Qe5 19. Rd4 c5 20. Rd2 Rxd2 21. Qxd2 Bb3 22. Rb1 Ba4 23. Bd5 Kg7 24. c4 0-1

[Event "Voronezh op-B 15th"]
[Site "Voronezh"]
[Date "2011.06.16"]
[Round "5"]
[White "Beliaev, Vitaly"]
[Black "Grigorjev, Iljya"]
[Result "1/2-1/2"]
[WhiteElo "2057"]
[BlackElo "1884"]
[PlyCount "84"]
[EventDate "2011.06.12"]
[EventType "swiss"]
[EventRounds "9"]
[EventCountry "RUS"]
[SourceTitle "CBM 143 Extra"]
[Source "ChessBase"]
[SourceDate "2011.08.29"]
[SourceVersion "1"]
[SourceVersionDate "2011.08.29"]
[SourceQuality "1"]

1. Nf3 Nf6 2. g3 g6 3. Bg2 Bg7 4. 0-0 0-0 5. d4 d5 6. c4 Nc6 7. cxd5 Nxd5 8. Nc3 Nb6 9. d5 Ne5 10. Nxe5 Bxe5 11. e4 Bg7 12. Bf4 a6 13. Qb3 Kh8 14. Rfd1 f5 15. e5 h6 16. h4 e6 17. Be3 Nxd5 18. Nxd5 exd5 19. Bxd5 Qe7 20. f4 c6 21. Bg2 Be6 22. Qb6 Rfe8 23. Bc5 Qf7 24. Kf2 g5 25. hxg5 hxg5 26. Rh1+ Kg8 27. Bf3 g4 28. Bg2 Rad8 29. Rhd1 Rxd1 30. Rxd1 Bxa2 31. Qb4 Be6 32. Qd4 Bf8 33. b4 Bxc5 34. Qxc5 Kg7 35. Qd4 Rh8 36. Rh1 Rxh1 37. Bxh1 Qd7 38. Ke3 Kf7 39. Bg2 Bd5 40. Bf1 Qe7 41. Bd3 Kg6 42. Qb6 Be6 1/2-1/2

[Event "Voronezh op-B 15th"]
[Site "Voronezh"]
[Date "2011.06.13"]
[Round "2"]
[White "Potapov, Alexander"]
[Black "Beliaev, Vitaly"]
[Result "1-0"]
[WhiteElo "2243"]
[BlackElo "2057"]
[PlyCount "114"]
[EventDate "2011.06.12"]
[EventType "swiss"]
[EventRounds "9"]
[EventCountry "RUS"]
[SourceTitle "CBM 143 Extra"]
[Source "ChessBase"]
[SourceDate "2011.08.29"]
[SourceVersion "1"]
[SourceVersionDate "2011.08.29"]
[SourceQuality "1"]

1. d4 d5 2. c4 e6 3. Nc3 c5 4. cxd5 exd5 5. Nf3 Nc6 6. g3 Nf6 7. Bg2 Be7 8. 0-0 0-0 9. dxc5 d4 10. Na4 Bf5 11. Qb3 Qd7 12. Rd1 Rad8 13. Bf4 Be6 14. Qb5 Nd5 15. Bd6 Rfe8 16. Bxe7 Rxe7 17. Rd2 Ndb4 18. Ne5 Nxe5 19. Qxb4 Nc6 20. Qb5 Qc7 21. b3 Red7 22. Rad1 Bd5 23. Bxd5 Rxd5 24. b4 R5d7 25. a3 g6 26. Nb2 a6 27. Qb6 Qxb6 28. cxb6 Ne5 29. a4 d3 30. Nxd3 Nc4 31. Rc2 Nxb6 32. a5 Nc8 33. Rdc1 Ne7 34. Rc7 Nc6 35. Rxd7 Rxd7 36. Nc5 Re7 37. Nxa6 Rxe2 38. Rc4 Nxa5 39. bxa5 bxa6 40. Rc6 Re6 41. Rxe6 fxe6 42. Kg2 Kf7 43. Kf3 Ke7 44. Ke4 Kd6 45. f4 h6 46. g4 h5 47. gxh5 gxh5 48. h4 Kd7 49. Ke5 Ke7 50. f5 exf5 51. Kxf5 Kd6 52. Kg5 Ke5 53. Kxh5 Kf5 54. Kh6 Kf6 55. h5 Kf7 56. Kg5 Kg7 57. Kf5 Kh6 1-0

[Event "Moscow op-B"]
[Site "Moscow"]
[Date "2009.11.20"]
[Round "1"]
[White "Beliaev, Vitaly"]
[Black "Kirillov, Igor"]
[Result "1/2-1/2"]
[WhiteElo "2007"]
[BlackElo "2277"]
[PlyCount "102"]
[EventDate "2009.01.31"]
[EventType "swiss"]
[EventRounds "9"]
[EventCountry "RUS"]
[SourceTitle "EXT 2012"]
[Source "ChessBase"]
[SourceDate "2011.11.24"]
[SourceVersion "1"]
[SourceVersionDate "2011.11.24"]
[SourceQuality "1"]

1. e4 c5 2. c3 Nf6 3. e5 Nd5 4. d4 cxd4 5. Nf3 b6 6. cxd4 e6 7. Nc3 Nxc3 8. bxc3 Qc7 9. Bd2 Bb7 10. Be2 d6 11. 0-0 Nd7 12. Bf4 Be7 13. Qd2 0-0 14. Rfc1 Rac8 15. a4 Bxf3 16. exd6 Bxd6 17. Bxd6 Qxd6 18. Bxf3 e5 19. Rd1 Nf6 20. a5 b5 21. Rab1 Rb8 22. dxe5 Qxe5 23. Qd4 Qc7 24. Qb4 Rfc8 25. Rbc1 h6 26. h3 Qc5 27. a6 Rc7 28. Qf4 Rb6 29. h4 g5 30. hxg5 hxg5 31. Qg3 Rxa6 32. Rd8+ Kg7 33. Qh3 Nh7 34. Be4 Nf8 35. Rd5 Qe7 36. Qe3 f6 37. Rxb5 Re6 38. f3 Re5 39. Rxe5 Qxe5 40. Ra1 a5 41. Qd4 Qc5 42. g3 Ne6 43. Qxc5 Rxc5 44. Ra3 f5 45. Bd3 Kf6 46. Kf2 Ke5 47. Ke2 Nc7 48. Kd2 Nd5 49. Be2 Nb6 50. Bd3 Nd5 51. Be2 Nb6 1/2-1/2

[Event "Lipetsk Region-ch Seniors"]
[Site "Lipetsk"]
[Date "2009.03.23"]
[Round "7"]
[White "Beliaev, Vitaly"]
[Black "Sokolov, Yury"]
[Result "1-0"]
[WhiteElo "2007"]
[BlackElo "1987"]
[PlyCount "121"]
[EventDate "2009.03.08"]
[EventType "swiss"]
[EventRounds "9"]
[EventCountry "RUS"]
[SourceTitle "EXT 2022"]
[Source "ChessBase"]
[SourceDate "2021.10.06"]
[SourceVersion "1"]
[SourceVersionDate "2021.10.06"]
[SourceQuality "1"]

1. d4 Nf6 2. c4 g6 3. Nf3 Bg7 4. g3 b6 5. Bg2 Bb7 6. Nc3 d6 7. 0-0 Nbd7 8. Qc2 0-0 9. e4 Rc8 10. h3 a6 11. Be3 e6 12. Rad1 d5 13. Ne5 c6 14. Nxd7 Qxd7 15. b3 Rfd8 16. e5 Ne8 17. f4 Qe7 18. Na4 Qc7 19. c5 b5 20. Nb6 Rb8 21. a4 Qe7 22. axb5 cxb5 23. b4 Nc7 24. Ra1 Na8 25. Nxa8 Rxa8 26. Rfc1 Rdc8 27. Qf2 Qc7 28. Qd2 Bc6 29. Bf1 f6 30. Bg2 Ra7 31. Ra5 Rca8 32. Qe2 Qb7 33. Bf2 Rf8 34. Be3 Qd7 35. Rca1 Rfa8 36. Bf3 Qf7 37. R1a3 Qb7 38. Bg4 f5 39. Bf3 Bf8 40. Ra1 Be7 41. Bd2 Bd8 42. R5a2 Qg7 43. Kh2 h6 44. g4 fxg4 45. Bxg4 Qf7 46. Qg2 Kh7 47. Bd1 Be8 48. Bc2 Qg7 49. Qf3 Kh8 50. Rg1 a5 51. f5 axb4 52. Rxa7 Rxa7 53. f6 Qh7 54. Bxb4 Ra2 55. Rg2 Qf7 56. h4 Ra7 57. Bxg6 Qxg6 58. Rxg6 Bxg6 59. Qg4 Bf5 60. Qh5 Ba5 61. Bxa5 1-0

[Event "Lipetsk-B 17th"]
[Site "Lipetsk"]
[Date "2008.12.13"]
[Round "8"]
[White "Lomovskih, Alexey"]
[Black "Beliaev, Vitaly"]
[Result "1-0"]
[WhiteElo "1717"]
[BlackElo "2032"]
[PlyCount "59"]
[EventDate "2008.11.28"]
[EventType "swiss"]
[EventRounds "9"]
[EventCountry "RUS"]
[SourceTitle "EXT 2022"]
[Source "ChessBase"]
[SourceDate "2021.10.06"]
[SourceVersion "1"]
[SourceVersionDate "2021.10.06"]
[SourceQuality "1"]

1. e4 c5 2. Nf3 e6 3. d4 cxd4 4. Nxd4 a6 5. Be3 Nf6 6. f3 d6 7. Nc3 Be7 8. Qd2 Nc6 9. 0-0-0 0-0 10. g4 Nxd4 11. Bxd4 e5 12. Be3 Be6 13. h4 b5 14. h5 Qa5 15. Kb1 b4 16. Nd5 Bxd5 17. exd5 Nd7 18. g5 f5 19. gxf6 Bxf6 20. Bh3 Nc5 21. Rhg1 Kh8 22. Qg2 Na4 23. Bg5 Qd8 24. Be6 Rb8 25. Bd2 Nc3+ 26. Bxc3 bxc3 27. b3 Qa5 28. Ka1 Rxb3 29. cxb3 c2 30. Qxc2 1-0

[Event "Lipetsk-B 17th"]
[Site "Lipetsk"]
[Date "2008.11.30"]
[Round "3"]
[White "Beliaev, Vitaly"]
[Black "Malinin, Sergey Alekseevich"]
[Result "1/2-1/2"]
[WhiteElo "2032"]
[BlackElo "1999"]
[PlyCount "92"]
[EventDate "2008.11.28"]
[EventType "swiss"]
[EventRounds "9"]
[EventCountry "RUS"]
[SourceTitle "EXT 2022"]
[Source "ChessBase"]
[SourceDate "2021.10.06"]
[SourceVersion "1"]
[SourceVersionDate "2021.10.06"]
[SourceQuality "1"]

1. e4 d6 2. d4 Nf6 3. Nc3 g6 4. Nf3 Bg7 5. h3 0-0 6. Be3 c6 7. Qd2 b5 8. a3 Nbd7 9. Be2 Nb6 10. b3 a5 11. Rd1 b4 12. Na2 Nxe4 13. Qc1 Nd5 14. Bd3 Nec3 15. Nxc3 Nxc3 16. 0-0 Nxd1 17. Rxd1 Qc7 18. a4 Ba6 19. Qd2 Bxd3 20. Qxd3 e5 21. Bg5 Rfe8 22. dxe5 dxe5 23. Qc4 e4 24. Nd4 Qe5 25. Be3 Red8 26. Rd2 c5 27. Nc6 Qa1+ 28. Kh2 Rxd2 29. Bxd2 Bd4 30. Be3 Bxe3 31. fxe3 Qc3 32. Qxe4 Ra6 33. Ne7+ Kg7 34. Nd5 Qb2 35. Nc7 Rb6 36. Qe7 Rc6 37. Ne8+ Kg8 38. Qd8 Qe5+ 39. Kh1 h5 40. Qa8 Rb6 41. Nf6+ Kg7 42. Nd7 Qa1+ 43. Kh2 Rf6 44. Qf8+ Kh7 45. Nxf6+ Qxf6 46. Qxc5 Qd8 1/2-1/2

[Event "Lipetsk Region-ch op"]
[Site "Lipetsk"]
[Date "2008.10.25"]
[Round "8"]
[White "Beliaev, Vitaly"]
[Black "Torshin, Anton1111"]
[Result "1/2-1/2"]
[WhiteElo "2032"]
[BlackElo "1732"]
[PlyCount "109"]
[EventDate "2008.10.18"]
[EventType "swiss"]
[EventRounds "9"]
[EventCountry "RUS"]
[SourceTitle "EXT 2022"]
[Source "ChessBase"]
[SourceDate "2021.10.06"]
[SourceVersion "1"]
[SourceVersionDate "2021.10.06"]
[SourceQuality "1"]

1. e4 c5 2. Nf3 d6 3. d4 cxd4 4. Nxd4 Nf6 5. Nc3 a6 6. Bg5 e6 7. f4 Be7 8. Qf3 Nbd7 9. 0-0-0 Qc7 10. Bd3 b5 11. Bxf6 Nxf6 12. e5 Bb7 13. Ne4 dxe5 14. fxe5 Nxe4 15. Bxe4 Bxe4 16. Qxe4 Rc8 17. Kb1 0-0 18. h4 Rfd8 19. Nf3 Rxd1+ 20. Rxd1 Rd8 21. Rxd8+ Qxd8 22. Qd3 Bxh4 23. Qxd8+ Bxd8 24. c3 Kf8 25. Kc2 Ke8 26. Kd3 Kd7 27. c4 Kc6 28. b4 bxc4+ 29. Kxc4 h5 30. a4 g5 31. Nd4+ Kb6 32. Kd3 Be7 33. Nc2 Bf8 34. Ke4 Be7 35. Kf3 Kc6 36. Ke4 Kb6 37. Kf3 Bd8 38. Ke4 Be7 39. Kf3 h4 40. Kg4 Kc6 41. Nd4+ Kd5 42. Nf3 Kc4 43. b5 axb5 44. a5 Kc3 45. Nxg5 b4 46. a6 b3 47. a7 b2 48. a8Q b1Q 49. Qc6+ Kd4 50. Nf3+ Ke3 51. Qc3+ Kf2 52. Qd4+ Ke2 53. Qc4+ Ke3 54. Qc3+ Kf2 55. Qd4+ 1/2-1/2

[Event "Lipetsk Region-ch op"]
[Site "Lipetsk"]
[Date "2008.10.20"]
[Round "3"]
[White "Beliaev, Vitaly"]
[Black "Vorotynzev, Igor"]
[Result "1/2-1/2"]
[WhiteElo "2032"]
[BlackElo "1925"]
[PlyCount "44"]
[EventDate "2008.10.18"]
[EventType "swiss"]
[EventRounds "9"]
[EventCountry "RUS"]
[SourceTitle "EXT 2022"]
[Source "ChessBase"]
[SourceDate "2021.10.06"]
[SourceVersion "1"]
[SourceVersionDate "2021.10.06"]
[SourceQuality "1"]

1. e4 c5 2. c3 d6 3. d4 Nf6 4. Bd3 Nc6 5. Ne2 e5 6. d5 Ne7 7. c4 Bd7 8. Nbc3 a6 9. 0-0 Ng6 10. a3 Qc8 11. b4 Nh4 12. f3 h6 13. Rf2 g5 14. Ng3 Ng6 15. Be3 Nf4 16. bxc5 dxc5 17. Bc2 g4 18. Bxf4 exf4 19. Nf5 h5 20. Rf1 Bxf5 21. exf5 Bd6 22. Re1+ Kf8 1/2-1/2

[Event "Lipetsk Region-ch op"]
[Site "Lipetsk"]
[Date "2008.10.19"]
[Round "2"]
[White "Aksenov, Ivan"]
[Black "Beliaev, Vitaly"]
[Result "0-1"]
[WhiteElo "1843"]
[BlackElo "2032"]
[PlyCount "138"]
[EventDate "2008.10.18"]
[EventType "swiss"]
[EventRounds "9"]
[EventCountry "RUS"]
[SourceTitle "EXT 2022"]
[Source "ChessBase"]
[SourceDate "2021.10.06"]
[SourceVersion "1"]
[SourceVersionDate "2021.10.06"]
[SourceQuality "1"]

1. e4 e5 2. Nf3 Nc6 3. Bb5 a6 4. Ba4 Nf6 5. d3 d6 6. Nc3 Be7 7. Bd2 0-0 8. a3 Bg4 9. Be3 Nd4 10. Bxd4 exd4 11. Nb1 c5 12. Nbd2 Nd7 13. h3 Be6 14. 0-0 Ne5 15. Bb3 Bxb3 16. Nxb3 Rc8 17. Qe2 Bf6 18. Nbd2 Ng6 19. g3 Qd7 20. Kg2 Rfe8 21. Nc4 Qc7 22. b3 b5 23. Ncd2 Qc6 24. Nh2 d5 25. f4 dxe4 26. Nxe4 c4 27. bxc4 bxc4 28. Ng4 Bd8 29. f5 Ne5 30. Nxe5 Rxe5 31. Qf2 Qd5 32. Qf3 Be7 33. Rf2 Rb8 34. g4 Bh4 35. Re2 h6 36. Qf1 c3 37. Kg1 Rb2 38. Qf4 Bg5 39. Qf3 Be3+ 40. Kf1 Qb7 41. Rae1 Bd2 42. Rxd2 cxd2 43. Nxd2 Rxe1+ 44. Kxe1 Qxf3 45. Nxf3 Rxc2 46. Nxd4 Rc3 47. Kd2 Rxa3 48. Kc2 Ra2+ 49. Kc3 Rh2 50. Nc6 Rh1 51. Kc4 Kf8 52. d4 Rc1+ 53. Kd5 Ke8 54. Na5 Ra1 55. Nb3 Rb1 56. Kc4 Kd7 57. Nc5+ Kd6 58. Nxa6 Rc1+ 59. Kd3 Rh1 60. Ke4 Rxh3 61. Nb4 Rg3 62. Kf4 Rb3 63. Nc2 Kd5 64. Ne1 Kxd4 65. Nf3+ Kd5 66. Nh4 Rb4+ 67. Kf3 Ke5 68. Ng2 Rb3+ 69. Kf2 Ke4 0-1

[Event "Lipetsk-ch"]
[Site "Lipetsk"]
[Date "2008.03.28"]
[Round "9"]
[White "Ryakhovskiy, Alexander"]
[Black "Beliaev, Vitaly"]
[Result "1/2-1/2"]
[WhiteElo "1971"]
[BlackElo "2062"]
[PlyCount "85"]
[EventDate "2008.03.20"]
[EventType "swiss"]
[EventRounds "9"]
[EventCountry "RUS"]
[SourceTitle "EXT 2022"]
[Source "ChessBase"]
[SourceDate "2021.10.06"]
[SourceVersion "1"]
[SourceVersionDate "2021.10.06"]
[SourceQuality "1"]

1. e4 c5 2. Nf3 e6 3. d4 cxd4 4. Nxd4 Nf6 5. Nc3 d6 6. Be2 Be7 7. 0-0 0-0 8. f4 Nc6 9. Kh1 e5 10. Nb3 exf4 11. Bxf4 Be6 12. Bf3 Ne5 13. Nd5 Rc8 14. Nd4 Qd7 15. b3 Nxf3 16. Qxf3 Nxd5 17. exd5 Bg4 18. Qd3 Bf6 19. c4 a6 20. Rae1 Rfe8 21. h3 Bh5 22. Qf5 Rxe1 23. Rxe1 Qd8 24. Qxh5 Bxd4 25. Qe2 Bf6 26. Qe3 g6 27. Kg1 h5 28. Kf1 Bh4 29. g3 Bf6 30. h4 b5 31. cxb5 axb5 32. Rc1 Qd7 33. Rxc8+ Qxc8 34. Bxd6 Qf5+ 35. Qf2 Qd3+ 36. Qe2 Qxd5 37. Bf4 Qh1+ 38. Kf2 Qd5 39. Qd2 Bd4+ 40. Be3 Qf5+ 41. Kg2 Qe4+ 42. Kf2 Qf5+ 43. Kg2 1/2-1/2

[Event "Lipetsk-ch"]
[Site "Lipetsk"]
[Date "2008.03.27"]
[Round "8"]
[White "Beliaev, Vitaly"]
[Black "Venevtsev, Andrey"]
[Result "0-1"]
[WhiteElo "2062"]
[BlackElo "2178"]
[PlyCount "76"]
[EventDate "2008.03.20"]
[EventType "swiss"]
[EventRounds "9"]
[EventCountry "RUS"]
[SourceTitle "EXT 2022"]
[Source "ChessBase"]
[SourceDate "2021.10.06"]
[SourceVersion "1"]
[SourceVersionDate "2021.10.06"]
[SourceQuality "1"]

1. e4 e6 2. Qe2 c5 3. g3 Nc6 4. Nf3 d6 5. Bg2 g6 6. 0-0 Bg7 7. c3 Nge7 8. d3 0-0 9. Na3 Rb8 10. Nc2 b5 11. a3 Na5 12. Be3 Qc7 13. Rab1 Nb3 14. Nd2 Nxd2 15. Qxd2 Bb7 16. Bh6 d5 17. Bxg7 Kxg7 18. Qe2 dxe4 19. dxe4 a6 20. Rbd1 Rbd8 21. Ne3 f5 22. exf5 exf5 23. Bxb7 Qxb7 24. Rxd8 Rxd8 25. Rd1 Rd7 26. Rxd7 Qxd7 27. Ng2 Kf6 28. h4 Nc6 29. f4 Qd5 30. Kf2 Ne7 31. Ne3 Qh1 32. Qd2 Ke6 33. b4 cxb4 34. axb4 Qb1 35. Qd4 Qe4 36. Qg7 Qd3 37. Qe5+ Kd7 38. Qf6 Qxe3+ 0-1

[Event "Lipetsk Region-ch"]
[Site "Lipetsk"]
[Date "2007.11.25"]
[Round "9"]
[White "Kurbatov, Andrei"]
[Black "Beliaev, Vitaly"]
[Result "1-0"]
[WhiteElo "2130"]
[BlackElo "2074"]
[PlyCount "137"]
[EventDate "2007.11.18"]
[EventType "swiss"]
[EventRounds "9"]
[EventCountry "RUS"]
[SourceTitle "CBM 121 Extra"]
[Source "ChessBase"]
[SourceDate "2008.01.10"]
[SourceVersion "1"]
[SourceVersionDate "2008.01.10"]
[SourceQuality "1"]

1. d4 d5 2. c4 e6 3. Nc3 c5 4. Nf3 Nc6 5. e3 Nf6 6. cxd5 exd5 7. Bd3 Bd6 8. 0-0 0-0 9. h3 h6 10. Nb5 Be7 11. dxc5 Bxc5 12. a3 a6 13. Nbd4 Ba7 14. b4 Nxd4 15. Nxd4 Ne4 16. Bb2 Bb8 17. Nf3 Be6 18. Bc2 Ba7 19. Bb3 Rc8 20. Qd3 Qe7 21. Bxd5 Bxd5 22. Qxd5 Rfd8 23. Qb3 Qe6 24. Qxe6 fxe6 25. Rac1 Bb8 26. Bd4 Nf6 27. Bb6 Re8 28. Bd4 Kf7 29. Rfd1 Rxc1 30. Rxc1 e5 31. Bb2 Ke6 32. Kf1 Rd8 33. Ke2 Ne4 34. Rc2 Rf8 35. Ke1 Bd6 36. Ng1 Be7 37. Nf3 Bd6 38. Ke2 g5 39. Bc1 h5 40. g4 hxg4 41. hxg4 Bb8 42. Bd2 Rd8 43. Be1 Bd6 44. Nd2 Nf6 45. f3 Rh8 46. e4 Rh2+ 47. Kd1 Rh1 48. Nc4 Bc7 49. Ke2 Rh2+ 50. Kd3 Rh3 51. Ne3 Bb6 52. Nc4 Bd4 53. Ke2 Rh2+ 54. Kd1 Rh1 55. Na5 Nd7 56. Nxb7 Nb6 57. Nc5+ Kd6 58. Nb3 Be3 59. Ke2 Bf4 60. Na5 Na4 61. Bd2 Bg3 62. Bxg5 Rh2+ 63. Kd3 Rh1 64. Nc4+ Ke6 65. Ne3 Ra1 66. Nc4 Rf1 67. Be3 Rd1+ 68. Bd2 Bh4 69. Rc1 1-0

[Event "Lipetsk Region-ch"]
[Site "Lipetsk"]
[Date "2007.11.24"]
[Round "8"]
[White "Volobuev, Sergey"]
[Black "Beliaev, Vitaly"]
[Result "0-1"]
[WhiteElo "1805"]
[BlackElo "2074"]
[PlyCount "92"]
[EventDate "2007.11.18"]
[EventType "swiss"]
[EventRounds "9"]
[EventCountry "RUS"]
[SourceTitle "CBM 121 Extra"]
[Source "ChessBase"]
[SourceDate "2008.01.10"]
[SourceVersion "1"]
[SourceVersionDate "2008.01.10"]
[SourceQuality "1"]

1. Nf3 d5 2. g3 Nf6 3. Bg2 c5 4. 0-0 Nc6 5. d3 e5 6. Nbd2 Be7 7. e4 d4 8. Nh4 g6 9. Nc4 0-0 10. a4 Nd7 11. Nf3 Qc7 12. Qd2 Re8 13. Qh6 Bf8 14. Qh4 f6 15. Bh3 Bg7 16. Ne1 Nb6 17. Nxb6 axb6 18. f4 Bxh3 19. Qxh3 b5 20. b3 bxa4 21. bxa4 b5 22. a5 Rxa5 23. Rxa5 Nxa5 24. Qg4 Nc6 25. f5 Qd7 26. h4 Qf7 27. Kg2 c4 28. Rh1 gxf5 29. Qxf5 Qe6 30. Qf3 Ra8 31. h5 h6 32. Rh4 Kh7 33. Rg4 Ne7 34. Qe2 Ra2 35. Rh4 cxd3 36. Qxd3 Qc4 37. Qd1 b4 38. Rg4 Qf7 39. Bd2 b3 40. cxb3 f5 41. Rh4 fxe4 42. Kg1 Qf5 43. g4 Qc8 44. g5 hxg5 45. Rxe4 Qf5 46. Rg4 Rxd2 0-1

[Event "Lipetsk Region-ch"]
[Site "Lipetsk"]
[Date "2007.11.21"]
[Round "5"]
[White "Beliaev, Vitaly"]
[Black "Kasantsev, Anatolij B"]
[Result "1-0"]
[WhiteElo "2074"]
[BlackElo "2105"]
[PlyCount "90"]
[EventDate "2007.11.18"]
[EventType "swiss"]
[EventRounds "9"]
[EventCountry "RUS"]
[SourceTitle "CBM 121 Extra"]
[Source "ChessBase"]
[SourceDate "2008.01.10"]
[SourceVersion "1"]
[SourceVersionDate "2008.01.10"]
[SourceQuality "1"]

1. e4 c5 2. Nf3 Nc6 3. d4 cxd4 4. Nxd4 Qb6 5. Nb3 Nf6 6. Nc3 e6 7. Be3 Qc7 8. f3 a6 9. Qd2 Bb4 10. a3 Be7 11. g4 d6 12. g5 Nd7 13. f4 b5 14. Be2 Bb7 15. Nd4 Nxd4 16. Qxd4 e5 17. Qd2 exf4 18. Bxf4 Ne5 19. 0-0-0 Rc8 20. Kb1 0-0 21. h4 Nc4 22. Bxc4 Qxc4 23. Rhe1 Rfd8 24. Qd4 Bf8 25. h5 Qe6 26. Qb6 Rd7 27. h6 Rc6 28. Qa5 Rc4 29. Bc1 Rdc7 30. Qb6 R4c5 31. Be3 R5c6 32. Qa5 Rc8 33. Bd4 R6c7 34. Qb6 Qg6 35. hxg7 Bxg7 36. Bxg7 Qxg7 37. Rxd6 Rxc3 38. Rd8+ Rxd8 39. Qxd8+ Qf8 40. Qxf8+ Kxf8 41. bxc3 Kg7 42. e5 Kg6 43. e6 fxe6 44. Rxe6+ Kxg5 45. Re7 Bd5 1-0

[Event "Lipetsk City-ch"]
[Site "Lipetsk"]
[Date "2007.08.22"]
[Round "9"]
[White "Zvezdov, Nikolay S"]
[Black "Beliaev, Vitaly"]
[Result "1/2-1/2"]
[WhiteElo "2142"]
[BlackElo "2063"]
[PlyCount "94"]
[EventDate "2007.08.14"]
[EventType "swiss"]
[EventRounds "9"]
[EventCountry "RUS"]
[SourceTitle "EXT 2009"]
[Source "ChessBase"]
[SourceDate "2008.11.26"]
[SourceVersion "1"]
[SourceVersionDate "2008.11.26"]
[SourceQuality "1"]

1. d4 d5 2. c4 e6 3. Nc3 c5 4. e3 Nf6 5. Nf3 Nc6 6. a3 a5 7. Bd3 Be7 8. 0-0 0-0 9. Re1 Re8 10. b3 Bf8 11. Bb2 b6 12. Rc1 Bb7 13. cxd5 exd5 14. dxc5 bxc5 15. Na4 Ne4 16. Qc2 h6 17. Red1 Qc7 18. Bxe4 dxe4 19. Nd2 Ne5 20. Nxc5 Rac8 21. Bxe5 Rxe5 22. b4 axb4 23. axb4 Bxc5 24. bxc5 Rxc5 25. Qxc5 Qxc5 26. Rxc5 Rxc5 27. Nb3 Rb5 28. Nd4 Rb2 29. h4 g6 30. Rc1 h5 31. Rc5 Kg7 32. Nb5 Kf6 33. Nd6 Ke6 34. Nb5 f6 35. Nd4+ Kd6 36. Rc1 Kd7 37. Rc2 Rxc2 38. Nxc2 Kd6 39. Kh2 Ke5 40. Kg3 Bd5 41. Nd4 f5 42. Ne2 Bc4 43. Nf4 Kf6 44. f3 exf3 45. gxf3 Bf7 46. Nh3 Ke5 47. Ng5 Bd5 1/2-1/2

[Event "Lipetsk City-ch"]
[Site "Lipetsk"]
[Date "2007.08.20"]
[Round "7"]
[White "Beliaev, Vitaly"]
[Black "Kosyh, Sergey"]
[Result "1-0"]
[WhiteElo "2063"]
[BlackElo "1916"]
[PlyCount "149"]
[EventDate "2007.08.14"]
[EventType "swiss"]
[EventRounds "9"]
[EventCountry "RUS"]
[SourceTitle "EXT 2009"]
[Source "ChessBase"]
[SourceDate "2008.11.26"]
[SourceVersion "1"]
[SourceVersionDate "2008.11.26"]
[SourceQuality "1"]

1. e4 e5 2. Nf3 Nc6 3. Bb5 Nge7 4. c3 g6 5. 0-0 Bg7 6. d4 exd4 7. cxd4 0-0 8. d5 Ne5 9. Nc3 a6 10. Be2 d6 11. Nxe5 Bxe5 12. Be3 Bg7 13. Bd4 f6 14. a4 Bd7 15. a5 Qc8 16. Rc1 Qb8 17. f4 b5 18. b4 Qe8 19. Bf3 Rc8 20. Qb3 Qf7 21. Qd1 c5 22. bxc5 dxc5 23. Be3 Kh8 24. Ne2 c4 25. Nd4 Rfe8 26. f5 Nxd5 27. Bd2 Ne7 28. Bb4 Nc6 29. Nc2 Ne5 30. Bc3 Nd3 31. Rb1 Bc6 32. Kh1 Qb7 33. Nd4 Ne5 34. Ne6 gxf5 35. exf5 Bxf3 36. gxf3 Nd3 37. Qd2 Rxe6 38. fxe6 Qd5 39. Rbe1 b4 40. Bxb4 Nxb4 41. Qxb4 c3 42. e7 Re8 43. Qxc3 h6 44. Qc7 f5 45. Rd1 Qb5 46. Qd7 Qxd7 47. Rxd7 Kg8 48. Rc1 Kf7 49. Rc6 h5 50. Kg2 Be5 51. Rb7 h4 52. h3 f4 53. Kf1 Bd4 54. Ke2 Be3 55. Kd3 Rxe7 56. Rxe7+ Kxe7 57. Rxa6 Kd7 58. Ke4 Bd2 59. Rh6 Bxa5 60. Rxh4 Ke6 61. Rxf4 Bd2 62. Rf5 Bc1 63. h4 Bd2 64. f4 Bc3 65. h5 Bg7 66. Ra5 Bf6 67. Ra6+ Ke7 68. Kf5 Bb2 69. Ra7+ Ke8 70. Kg6 Kf8 71. f5 Bd4 72. Rd7 Ba1 73. f6 Bxf6 74. Kxf6 Ke8 75. Rf7 1-0